| 000 | 00000nam 22000008a 4500 |
| 001 | 9.834728 |
| 003 | CaOODSP |
| 005 | 20240527135430 |
| 007 | cr ||||||||||| |
| 008 | 170404s2017 quc o f00| 0 eng d |
| 020 | |a978-0-660-08181-6 |
| 040 | |aCaOODSP|beng |
| 043 | |an-cn--- |
| 086 | 1 |aCW66-546/2017E-PDF |
| 245 | 00|aHabitat protection activities for priority species in the Mont Saint-Hilaire Biosphere Reserve, 2014–2015 |h[electronic resource]. |
| 260 | |a[Gatineau, Quebec] : |bEnvironment and Climate Change Canada, |c[2017]. |
| 300 | |a[1] p. |
| 500 | |aIssued also in French under title: Activités de protection des espèces prioritaires de la Réserve de biosphère du mont Saint-Hilaire 2014-2015. |
| 500 | |aIssued also in French under title: Activités de protection des espèces prioritaires de la Réservce de biosphère du mont Saint-Hilaire, 2014-2015. |
| 500 | |aCaption title. |
| 500 | |a"Habitat Stewardship Program - Prevention Stream." |
| 692 | 07|2gccst|aEndangered species |
| 692 | 07|2gccst|aHabitats |
| 710 | 2 |aCanadian Wildlife Service. |
| 775 | 08|tActivités de protection des espèces prioritaires de la Réserve de biosphère du mont Saint-Hilaire, 2014-2015 |w(CaOODSP)9.834731 |
| 856 | 40|qPDF|s353 KB|uhttps://publications.gc.ca/collections/collection_2017/eccc/CW66-546-2017-eng.pdf |